000 00537nam a22001817a 4500
005 20241014064552.0
008 241014b |||||||| |||| 00| 0 eng d
020 _a9789991642239
041 _aEnglish
082 _a345.5 LAW
100 _lEnglish
245 _aThe Law of Pre-Trail Criminal Procedure in Namibia /
_cC Mapaure et al.
250 _aFirst Edition
260 _aWindhoek:
_bUnam Press,
_c2014
300 _bxiv, 508 pages;
_c26 cm.
650 _aLegal Practice
_bLaw
942 _cBK
_6ALISON_BN_VIES
999 _c3213
_d3213